Platform for change : a message from Stafford Beer
Αποθηκεύτηκε σε:
| Κύριος συγγραφέας: | |
|---|---|
| Μορφή: | Βιβλίο |
| Γλώσσα: | English |
| Δημοσίευση: |
London : New York :
Wiley,
[1975]
|
| Θέματα: | |
| Ετικέτες: |
Προσθήκη ετικέτας
Δεν υπάρχουν, Καταχωρήστε ετικέτα πρώτοι!
|
MARC
| LEADER | 00000cam a2200000 i 4500 | ||
|---|---|---|---|
| 001 | 1/34562 | ||
| 008 | 941103s1978 eng d | ||
| 020 | |a 0471061891 | ||
| 035 | |l 10039687 | ||
| 035 | |a 1988 |c ΤΣΙΒΑΚΟΥ | ||
| 040 | |a GR-MY-UA |b gre |e aacr | ||
| 041 | 0 | |a eng | |
| 082 | 0 | |a 003.08 | |
| 100 | 1 | |a Beer, Stafford. | |
| 245 | 1 | 0 | |a Platform for change : |b a message from Stafford Beer / |c Stafford Beer |
| 260 | |a London : |a New York : |b Wiley, |c [1975] | ||
| 300 | |a 457 p; |b illus; |c 25 cm | ||
| 504 | |a Includes bibliographical references | ||
| 650 | 0 | 0 | |a System theory. |
| 650 | 0 | 0 | |a Operations research. |
| 852 | |a INST |b SAMOS |e 19941103 |h 003.08 BEE |p 005300002631 |q 005300002631 |t BK |y 0 | ||
| 909 | |a Σ |b 010484 | ||